League of Legends Summoner Spell by Icon Quiz Stats

 Plays Quiz not verified by Sporcle

Score 0/15 Timer 01:30
0 Plays Today
% Correct
Heal
99%
Teleport
98.7%
Ghost
97.8%
Barrier
96.8%
Ignite
85.9%
Smite
80.2%
Flash
78.2%
Exhaust
76.4%
% Correct
Cleanse
73.5%
Clairvoyance
60.3%
Revive
54.6%
Mark
51.7%
Fortify
32.5%
Promote
23.9%
Surge
22.1%

You're not logged in!

Compare scores with friends on all Sporcle quizzes.
OR
Log In

You Might Also Like...

Show Comments

Extras

Top Quizzes Today


Score Distribution

Your Account Isn't Verified!

In order to create a playlist on Sporcle, you need to verify the email address you used during registration. Go to your Sporcle Settings to finish the process.

Report this User

Report this user for behavior that violates our Community Guidelines.

Details: